Join geometries : a theory of convex sets and linear geometry
Saved in:
| Main Authors: | , |
|---|---|
| Format: | Book |
| Language: | English |
| Published: |
New York :
Springer-Verlag,
c1979.
|
| Series: | Undergraduate texts in mathematics
|
| Subjects: | |
| Tags: |
Add Tag
No Tags, Be the first to tag this record!
|
MARC
| LEADER | 00000cam a2200000 i 4500 | ||
|---|---|---|---|
| 001 | 1/30476 | ||
| 008 | 941103s1979####nyu| ||| |||| ||eng|| | ||
| 020 | |a 0387903402 | ||
| 035 | |l 10038579 | ||
| 035 | |a 1988 | ||
| 035 | |a 1993 | ||
| 040 | |a GR-MyUA |b gre |e AACR2 | ||
| 041 | 0 | |a eng | |
| 082 | 0 | |a 516 | |
| 100 | 1 | |a Prenowitz, Walter, |d 1906- | |
| 245 | 1 | 0 | |a Join geometries : |b a theory of convex sets and linear geometry / |c Walter Prenowitz and James Jantosciak. |
| 260 | |a New York : |b Springer-Verlag, |c c1979. | ||
| 300 | |a xxi, 534 p. : |b εικ. ; |c 25 εκ. | ||
| 490 | 1 | |a (Undergraduate texts in mathematics) | |
| 504 | |a Βιβλιογραφία: σ. 527. Περιέχει ευρετήριο. | ||
| 650 | 0 | 0 | |a Geometry. |
| 700 | 1 | |a Jantosciak, James, |e aut | |
| 830 | 0 | |a Undergraduate texts in mathematics | |
| 852 | |a INST |b SAMOS |e 19941103 |h 516 PRE |p 005300001241 |q 005300001241 |t BK |y 0 | ||
| 852 | |a INST |b SAMOS |e 19941103 |h 516 PRE |p 005300006822 |q 005300006822 |t BK |y 0 | ||
| 909 | |a Σ |b 009247 | ||
| 909 | |a Σ |b 029435 | ||